[Event "EU-ch Blitz"]
[Site "Zagreb"]
[Date "2023.12.16"]
[Round "4"]
[White "Brecevic, Liam"]
[Black "Mainenti, Kevin"]
[Result "1-0"]
[WhiteElo "1675"]
[BlackElo "1843"]
[PlyCount "93"]
[EventDate "2023.12.16"]
[EventType "swiss (blitz)"]
[EventRounds "13"]
[EventCountry "CRO"]
[SourceTitle "CB51_2023"]
[SourceDate "2023.12.20"]
[SourceVersion "1"]
[SourceVersionDate "2023.12.20"]
[SourceQuality "1"]

1. e4 e5 2. Nf3 Nc6 3. Nc3 Nf6 4. d4 exd4 5. Nxd4 Bc5 6. Nb3 Bb4 7. Bd3 Bxc3+ 8. bxc3 0-0 9. 0-0 h6 10. f4 d5 11. e5 Ne4 12. c4 dxc4 13. Bxe4 Qxd1 14. Rxd1 cxb3 15. axb3 Bg4 16. Rd5 Rfd8 17. Be3 a6 18. c3 Be6 19. Rxd8+ Rxd8 20. b4 Bd5 21. Bc2 Bc4 22. Kf2 Ne7 23. g3 Nd5 24. Bd4 Ne7 25. h3 Nc6 26. Be3 Ne7 27. Rd1 Rxd1 28. Bxd1 Nd5 29. Bd4 g6 30. Bg4 b6 31. Bd7 h5 32. Kf3 a5 33. bxa5 bxa5 34. g4 hxg4+ 35. hxg4 Bb3 36. f5 gxf5 37. gxf5 Nb6 38. e6 fxe6 39. fxe6 Kf8 40. Bc5+ Kg7 41. Bxb6 Bd5+ 42. Kf4 Bxe6 43. Bxe6 cxb6 44. Bd7 Kf6 45. Ke4 Ke7 46. Bb5 Kd6 47. Kd4 1-0

[Event "Portoroz op 10th"]
[Site "Portoroz"]
[Date "2016.07.24"]
[Round "2"]
[White "Brecevic, Liam"]
[Black "Deglmann, Ludwig"]
[Result "0-1"]
[WhiteElo "1658"]
[BlackElo "2311"]
[PlyCount "57"]
[EventDate "2016.07.23"]
[EventType "swiss"]
[EventRounds "9"]
[EventCountry "SLO"]
[SourceTitle "CBM 173 Extra"]
[Source "ChessBase"]
[SourceDate "2016.08.29"]
[SourceVersion "1"]
[SourceVersionDate "2016.08.29"]
[SourceQuality "1"]

1. e4 c5 2. Nc3 Nc6 3. Nf3 g6 4. d4 cxd4 5. Nxd4 Bg7 6. Be3 Nf6 7. Nxc6 bxc6 8. Bd3 d6 9. 0-0 Ng4 10. Bd2 Rb8 11. Rb1 0-0 12. h3 Ne5 13. f4 Nxd3 14. cxd3 Qb6+ 15. Kh1 Ba6 16. Qf3 Qd4 17. Rfd1 Qxd3 18. Be3 Qc4 19. Bxa7 Rb7 20. Bf2 Rfb8 21. f5 Rxb2 22. Rxb2 Rxb2 23. fxg6 hxg6 24. Nb1 Qxa2 25. Nc3 Bxc3 26. Qxc3 Rxf2 27. Ra1 Qxa1+ 28. Qxa1 Rf1+ 29. Qxf1 0-1

[Event "Portoroz op 10th"]
[Site "Portoroz"]
[Date "2016.07.24"]
[Round "3"]
[White "Gregoric, Anika"]
[Black "Brecevic, Liam"]
[Result "0-1"]
[WhiteElo "1175"]
[BlackElo "1658"]
[PlyCount "88"]
[EventDate "2016.07.23"]
[EventType "swiss"]
[EventRounds "9"]
[EventCountry "SLO"]
[SourceTitle "CBM 173 Extra"]
[Source "ChessBase"]
[SourceDate "2016.08.29"]
[SourceVersion "1"]
[SourceVersionDate "2016.08.29"]
[SourceQuality "1"]

1. e4 e5 2. Nf3 Nc6 3. d4 exd4 4. Bc4 d6 5. Nxd4 Nf6 6. Nc3 Be7 7. Nxc6 bxc6 8. 0-0 0-0 9. Bf4 Be6 10. Bxe6 fxe6 11. Re1 Rb8 12. b3 Nd7 13. Bg3 Bf6 14. Qd3 Ne5 15. Bxe5 Bxe5 16. Qc4 Qf6 17. Rf1 Bxc3 18. Rad1 c5 19. Rd3 Bd4 20. Rf3 Qg6 21. Rg3 Qxe4 22. Kh1 Rb4 23. Qd3 Qxd3 24. cxd3 Rxf2 25. Rxf2 Bxf2 26. Rf3 Bh4 27. Re3 Kf7 28. g3 Bf6 29. Kg2 d5 30. Rf3 c4 31. dxc4 dxc4 32. bxc4 Rxc4 33. h3 Rc2+ 34. Rf2 Rxf2+ 35. Kxf2 Ke7 36. g4 Kd6 37. Kg3 c5 38. h4 c4 39. g5 c3 40. gxf6 gxf6 41. Kg4 c2 42. Kh5 c1Q 43. Kg4 Qg1+ 44. Kh5 Qg6# 0-1